书目信息 |
| 题名: |
通信系统工程
|
|
| 作者: | 普埃克 , Proakis , Salehi 著 | |
| 分册: | ||
| 出版信息: | 北京 电子工业出版社 2004.1 |
|
| 页数: | 801页 | |
| 开本: | 23cm | |
| 丛书名: | 国外电子与通信教材系列 | |
| 单 册: | ||
| 中图分类: | TN914 | |
| 科图分类: | ||
| 主题词: | 通信系统--教材--英文 , 通信系统 | |
| 电子资源: | ||
| ISBN: | 7-5053-9511-4 | |
| 000 | 01000nam2 2200313 45 | |
| 001 | 012004000000 | |
| 005 | 20050107103812.03 | |
| 010 | @a7-5053-9511-4@dCNY 75.00 | |
| 100 | @a20040920d2004 em y0chiy0121 ea | |
| 101 | 0 | @aeng |
| 102 | @aCN@b110000 | |
| 105 | @aa z 001yy | |
| 200 | 1 | @a通信系统工程@Atong xin xi tong gong cheng@dCmmunication systems engineering@e第2版@eSecond edition@f(美)普埃克(Proakis J.G.), (美)Masoud Salehi著@zeng |
| 205 | @a英文版 | |
| 210 | @a北京@c电子工业出版社@d2004.1 | |
| 215 | @a801页@c图@d23cm | |
| 225 | 2 | @a国外电子与通信教材系列 |
| 320 | @a本书含索引 | |
| 324 | @a原书第2版 | |
| 410 | 0 | @12001 @a国外电子与通信教材系列 |
| 510 | 1 | @aCmmunication systems engineering@eSecond edition@zeng |
| 606 | 0 | @a通信系统@j教材@x英文 |
| 606 | 0 | @a通信系统 |
| 690 | @aTN914@v4 | |
| 701 | 1 | @a普埃克@Apu ai ke@bJ. G.@4著 |
| 701 | A1 | @aProakis@bJ. G.@4著 |
| 701 | A1 | @aSalehi@bMasoud@4著 |
| 801 | 0 | @aCN@bQSSKlw@c20050107 |
| 905 | @a10447@dTN914@eP870 | |
| 通信系统工程=Cmmunication systems engineering:第2版:Second edition/(美)普埃克(Proakis J.G.), (美)Masoud Salehi著.-英文版.-北京:电子工业出版社,2004.1 |
| 801页:图;23cm.-(国外电子与通信教材系列) |
| ISBN 7-5053-9511-4:CNY 75.00 |
| ● |
| 相关链接 |
|
|
|
正题名:通信系统工程
索取号:TN914/P870
 
预约/预借
| 序号 | 登录号 | 条形码 | 馆藏地/架位号 | 状态 | 备注 |
| 1 | 435372 | 204353724 | 自科库301/301自科库 37排3列2层/ [索取号:TN914/P870] | 在馆 | |
| 2 | 435373 | 204353733 | 自科库301/301自科库 37排3列2层/ [索取号:TN914/P870] | 在馆 |